[Event "Bundesliga 1415"]
[Site "Germany"]
[Date "2015.03.15"]
[Round "13.5"]
[White "Wagner, Dennis"]
[Black "Gruenberg, Hans Ulrich"]
[Result "1-0"]
[WhiteElo "2501"]
[BlackElo "2377"]
[PlyCount "81"]
[EventDate "2014.10.18"]
[EventType "team-tourn"]
[EventRounds "15"]
[EventCountry "GER"]
[SourceTitle "CBM 166"]
[Source "ChessBase"]
[SourceDate "2015.05.11"]
[SourceVersion "1"]
[SourceVersionDate "2015.05.11"]
[SourceQuality "1"]
[WhiteTeam "Hockenheim"]
[BlackTeam "Rostock"]
[WhiteTeamCountry "GER"]
[BlackTeamCountry "GER"]

1. d4 Nf6 2. c4 g6 3. Nc3 Bg7 4. e4 d6 5. Nf3 0-0 6. Be2 e5 7. Be3 h6 8. d5 Ng4 9. Bc1 f5 10. exf5 gxf5 11. g3 Na6 12. Nh4 Qd7 13. f3 Nf6 14. f4 e4 15. Be3 c5 16. h3 h5 17. Qd2 Nc7 18. 0-0-0 b5 19. g4 b4 20. Nb1 fxg4 21. f5 Nce8 22. Rdg1 Qf7 23. hxg4 Nxg4 24. Bxg4 hxg4 25. Rxg4 Bxf5 26. Nxf5 Qxf5 27. Rg3 a5 28. Qh2 b3 29. axb3 a4 30. Rg5 Qf1+ 31. Rxf1 Rxf1+ 32. Kd2 Rxb1 33. Qh6 Rf1 34. Qe6+ Kf8 35. bxa4 Rxa4 36. Rf5+ Rxf5 37. Qxf5+ Kg8 38. Qxe4 Kf8 39. Qf5+ Kg8 40. Qc8 Kf8 41. Bf4 1-0

[Event "Bundesliga 1415"]
[Site "Germany"]
[Date "2015.02.01"]
[Round "9.4"]
[White "Gruenberg, Hans Ulrich"]
[Black "Tischbierek, Raj"]
[Result "1/2-1/2"]
[WhiteElo "2377"]
[BlackElo "2414"]
[PlyCount "50"]
[EventDate "2014.10.18"]
[EventType "team-tourn"]
[EventRounds "15"]
[EventCountry "GER"]
[SourceTitle "CBM 165"]
[Source "ChessBase"]
[SourceDate "2015.03.11"]
[SourceVersion "1"]
[SourceVersionDate "2015.03.11"]
[SourceQuality "1"]
[WhiteTeam "Rostock"]
[BlackTeam "Dresden TU"]
[WhiteTeamCountry "GER"]
[BlackTeamCountry "GER"]

1. d4 d5 2. c4 c6 3. cxd5 cxd5 4. Bf4 Nc6 5. Nc3 e5 6. Bxe5 Nxe5 7. dxe5 d4 8. Ne4 Qa5+ 9. Nd2 Nh6 10. Ngf3 Nf5 11. a3 Be6 12. g3 Rd8 13. b4 Qb6 14. Bh3 Be7 15. Qa4+ Bd7 16. Qa5 Qxa5 17. bxa5 Be6 18. Bxf5 Bxf5 19. 0-0 f6 20. Rfc1 Rd5 21. Nc4 0-0 22. Nh4 Be6 23. Nf3 Rc8 24. exf6 Bxf6 25. Ncd2 Rxc1+ 1/2-1/2

[Event "Bundesliga 1415"]
[Site "Germany"]
[Date "2014.10.18"]
[Round "1.2"]
[White "Grandelius, Nils"]
[Black "Gruenberg, Hans Ulrich"]
[Result "1/2-1/2"]
[WhiteElo "2569"]
[BlackElo "2377"]
[PlyCount "92"]
[EventDate "2014.10.18"]
[EventType "team-tourn"]
[EventRounds "15"]
[EventCountry "GER"]
[SourceTitle "CBM 163"]
[Source "ChessBase"]
[SourceDate "2014.11.11"]
[SourceVersion "1"]
[SourceVersionDate "2014.11.11"]
[SourceQuality "1"]
[WhiteTeam "Emsdetten Turm"]
[BlackTeam "Rostock"]
[WhiteTeamCountry "GER"]
[BlackTeamCountry "GER"]

1. e4 c6 2. d4 d5 3. exd5 cxd5 4. c4 Nf6 5. Nc3 dxc4 6. Bxc4 e6 7. Nf3 Nc6 8. a3 Be7 9. 0-0 0-0 10. Be3 b6 11. Qd3 Bb7 12. Ba2 Nd5 13. Ne4 Nxe3 14. fxe3 Nb8 15. Rf2 Nd7 16. Rd1 Bxe4 17. Qxe4 Nf6 18. Qd3 Ng4 19. Re2 Qd6 20. h3 Nf6 21. e4 Qg3 22. Ne5 Qxd3 23. Rxd3 Rac8 24. Rd1 Rc7 25. Kf2 Rd8 26. Kf3 Kf8 27. Red2 h6 28. g3 Nd7 29. Nc4 Nf6 30. Ne3 g6 31. h4 h5 32. d5 exd5 33. e5 Ne8 34. Rxd5 Rxd5 35. Nxd5 Rc2 36. e6 fxe6 37. Nf4 Rxb2 38. Bxe6 Bc5 39. Ke4 Nf6+ 40. Ke5 Kg7 41. Bc4 Ng4+ 42. Ke6 Nf6 43. Ke5 Ng4+ 44. Ke6 Nf6 45. Rd8 Rb1 46. Rd2 Ng4 1/2-1/2

[Event "BL2-Nord 1213"]
[Site "Germany"]
[Date "2013.01.13"]
[Round "5.2"]
[White "Brodowski, Piotr"]
[Black "Gruenberg, Hans Ulrich"]
[Result "1-0"]
[WhiteElo "2410"]
[BlackElo "2392"]
[PlyCount "181"]
[EventDate "2012.10.14"]
[EventType "team-tourn"]
[EventRounds "9"]
[EventCountry "GER"]
[SourceTitle "CBM 154 Extra"]
[Source "ChessBase"]
[SourceDate "2013.06.25"]
[SourceVersion "2"]
[SourceVersionDate "2013.06.25"]
[SourceQuality "1"]
[WhiteTeam "Berlin Zehlendorf"]
[BlackTeam "Rostock SSC 07"]
[WhiteTeamCountry "GER"]
[BlackTeamCountry "GER"]

1. Nf3 Nf6 2. g3 b6 3. d3 d5 4. Nbd2 e6 5. Bg2 Be7 6. 0-0 c5 7. e4 Nc6 8. Re1 Bb7 9. e5 Nd7 10. c3 Qc7 11. Qe2 g5 12. h3 h5 13. g4 0-0-0 14. Nf1 Rdg8 15. a3 Na5 16. N1d2 c4 17. b4 cxd3 18. Qxd3 Nc4 19. Nxc4 dxc4 20. Qe2 hxg4 21. hxg4 Rh6 22. a4 Rgh8 23. Ra2 a6 24. Rd2 b5 25. Rd4 Qc6 26. Qd1 Nb6 27. axb5 axb5 28. Bd2 Na4 29. Re3 Nb2 30. Qe2 Nd3 31. Ree4 Qa6 32. Rxd3 cxd3 33. Qxd3 Qa8 34. Re3 Bc6 35. Qf1 Kb8 36. Rd3 Be4 37. Re3 Bd8 38. Qe1 Bd5 39. Rd3 R6h7 40. Bc1 Be7 41. Bd2 Rh3 42. Qd1 R3h6 43. Qe1 R6h7 44. Bc1 Qc6 45. Bd2 Bd8 46. Bc1 Kc8 47. Bd2 Rh3 48. Qd1 R3h6 49. Qe1 Qa8 50. Bc1 R6h7 51. Bd2 Qa2 52. Bc1 Qb1 53. Rd4 Bb7 54. Be3 Qb3 55. c4 bxc4 56. Qc1 Bd5 57. Rxd5 exd5 58. Nd4 Qxb4 59. Nc6 Qa4 60. Bxd5 Rh1+ 61. Bxh1 Rxh1+ 62. Kxh1 Qxc6+ 63. Kg1 c3 64. Qc2 Qc4 65. f3 Kc7 66. Kf2 Kc6 67. Ke1 Be7 68. Qf5 Bb4 69. Qc2 Bc5 70. Bxg5 Kb5 71. Bc1 Qd4 72. Qe2+ Kb4 73. Qe4 Qxe4+ 74. fxe4 Bd4 75. e6 fxe6 76. Ke2 Kb3 77. Kd3 Be5 78. g5 c2 79. g6 Bg7 80. Kd2 Bb2 81. Kd3 Be5 82. Bh6 Bf6 83. Bc1 Bh8 84. Bh6 Be5 85. Bc1 Bg7 86. Kd2 Bf6 87. Kd3 Ba1 88. Bh6 Bb2 89. Bg5 Bg7 90. Bc1 e5 91. Kd2 1-0

[Event "BL2-Nord 1213"]
[Site "Germany"]
[Date "2012.12.09"]
[Round "4.5"]
[White "Meyner, Hannes"]
[Black "Gruenberg, Hans Ulrich"]
[Result "1/2-1/2"]
[WhiteElo "2239"]
[BlackElo "2392"]
[PlyCount "68"]
[EventDate "2012.10.14"]
[EventType "team-tourn"]
[EventRounds "9"]
[EventCountry "GER"]
[SourceTitle "CBM 154 Extra"]
[Source "ChessBase"]
[SourceDate "2013.06.25"]
[SourceVersion "2"]
[SourceVersionDate "2013.06.25"]
[SourceQuality "1"]
[WhiteTeam "Kassel"]
[BlackTeam "Rostock SSC 07"]
[WhiteTeamCountry "GER"]
[BlackTeamCountry "GER"]

1. d4 Nf6 2. c4 e6 3. Nf3 b6 4. g3 Bb7 5. Bg2 c5 6. 0-0 cxd4 7. Nxd4 Qc8 8. Bxb7 Qxb7 9. Nb5 a6 10. Nd6+ Bxd6 11. Qxd6 Qc6 12. Qd4 0-0 13. Nc3 d6 14. Rd1 Nbd7 15. b3 b5 16. cxb5 axb5 17. Qb4 Qc5 18. Qxc5 Nxc5 19. Bf4 b4 20. Bxd6 bxc3 21. Bxc5 Rfc8 22. Bd4 Nd5 23. a3 Rab8 24. b4 Rc4 25. Bc5 f6 26. f3 Nb6 27. a4 Nd5 28. a5 Nxb4 29. Bd6 Rd8 30. Bxb4 Rxd1+ 31. Rxd1 Rxb4 32. Rd8+ Kf7 33. Rc8 Ra4 34. Rxc3 Rxa5 1/2-1/2

[Event "BL2-Nord 1213"]
[Site "Germany"]
[Date "2012.11.25"]
[Round "3.4"]
[White "Muse, Mladen"]
[Black "Gruenberg, Hans Ulrich"]
[Result "1/2-1/2"]
[WhiteElo "2449"]
[BlackElo "2392"]
[PlyCount "43"]
[EventDate "2012.10.14"]
[EventType "team-tourn"]
[EventRounds "9"]
[EventCountry "GER"]
[SourceTitle "CBM 154 Extra"]
[Source "ChessBase"]
[SourceDate "2013.06.25"]
[SourceVersion "2"]
[SourceVersionDate "2013.06.25"]
[SourceQuality "1"]
[WhiteTeam "Berlin Koenig Tegel"]
[BlackTeam "Rostock SSC 07"]
[WhiteTeamCountry "GER"]
[BlackTeamCountry "GER"]

1. Nf3 Nf6 2. g3 b6 3. Bg2 Bb7 4. 0-0 c5 5. c4 e6 6. Nc3 Be7 7. Re1 d6 8. e4 e5 9. d4 Nc6 10. dxe5 dxe5 11. Nd5 0-0 12. b3 Re8 13. Bb2 Bf8 14. Qd2 Nd4 15. Nxd4 exd4 16. Qf4 Nxd5 17. cxd5 Qd7 18. h4 Rad8 19. Kh2 g6 20. Rad1 Bg7 21. Bh3 Qe7 22. Qd2 1/2-1/2

[Event "BL2-Nord 1213"]
[Site "Germany"]
[Date "2012.10.14"]
[Round "1.5"]
[White "Gruenberg, Hans Ulrich"]
[Black "Schmidt Schaeffer, Sebastian"]
[Result "0-1"]
[WhiteElo "2392"]
[BlackElo "2360"]
[PlyCount "74"]
[EventDate "2012.10.14"]
[EventType "team-tourn"]
[EventRounds "9"]
[EventCountry "GER"]
[SourceTitle "CBM 154 Extra"]
[Source "ChessBase"]
[SourceDate "2013.06.25"]
[SourceVersion "2"]
[SourceVersionDate "2013.06.25"]
[SourceQuality "1"]
[WhiteTeam "Rostock SSC 07"]
[BlackTeam "Berlin Kreuzberg"]
[WhiteTeamCountry "GER"]
[BlackTeamCountry "GER"]

1. d4 f5 2. g3 Nf6 3. Bg2 e6 4. Nf3 Be7 5. 0-0 0-0 6. c4 d5 7. Nc3 c6 8. Qb3 Nbd7 9. Bf4 Qe8 10. Rad1 Qh5 11. Ne5 Kh8 12. f3 Nxe5 13. Bxe5 Nd7 14. Bf4 Nb6 15. c5 Nc4 16. Kh1 g5 17. Bc1 f4 18. g4 Qg6 19. e4 fxe3 20. Ne2 b5 21. cxb6 axb6 22. Bxe3 Ra5 23. Bc1 Bd6 24. a3 Ba6 25. Ng3 Bf4 26. Qc3 Bb5 27. Nh5 Bd6 28. Rde1 Ra7 29. Rf2 Re7 30. Rfe2 Na5 31. Re3 e5 32. b4 Nc4 33. dxe5 Bc7 34. R3e2 c5 35. f4 d4 36. Qg3 gxf4 37. Nxf4 Qe8 0-1

[Event "BL2-Nord 1112"]
[Site "Germany"]
[Date "2012.02.05"]
[Round "6.4"]
[White "Gruenberg, Hans Ulrich"]
[Black "Horn, Sven"]
[Result "1-0"]
[WhiteElo "2402"]
[BlackElo "2129"]
[PlyCount "63"]
[EventDate "2011.10.02"]
[EventType "team-tourn"]
[EventRounds "9"]
[EventCountry "GER"]
[SourceTitle "EXT 2015"]
[Source "ChessBase"]
[SourceDate "2014.11.20"]
[SourceVersion "1"]
[SourceVersionDate "2014.11.20"]
[SourceQuality "1"]
[WhiteTeam "Rostock"]
[BlackTeam "Oberschoeneweide"]
[WhiteTeamCountry "GER"]
[BlackTeamCountry "GER"]

1. d4 Nf6 2. c4 c5 3. d5 e5 4. Nc3 d6 5. e4 Be7 6. g3 0-0 7. Bg2 Ne8 8. Nge2 Bg5 9. f4 exf4 10. gxf4 Bh4+ 11. Ng3 f5 12. 0-0 fxe4 13. Ncxe4 h6 14. Bd2 Nd7 15. Qh5 Bxg3 16. hxg3 Ndf6 17. Qh4 Bf5 18. Rae1 Qd7 19. Bc3 Rd8 20. Nf2 b5 21. cxb5 Nc7 22. g4 Bh7 23. Bxf6 Rxf6 24. g5 hxg5 25. fxg5 Rf7 26. Bh3 Rf5 27. g6 Bxg6 28. Bxf5 Bxf5 29. Re7 Qc8 30. Qg5 Ne8 31. Ng4 Bxg4 32. Rff7 1-0

[Event "BL2-Nord 1011"]
[Site "Germany"]
[Date "2011.03.20"]
[Round "8.2"]
[White "Gruenberg, Hans Ulrich"]
[Black "Knaak, Rainer"]
[Result "1-0"]
[WhiteElo "2422"]
[BlackElo "2492"]
[PlyCount "119"]
[EventDate "2010.10.10"]
[EventType "team-tourn"]
[EventRounds "9"]
[EventCountry "GER"]
[SourceTitle "EXT 2012"]
[Source "ChessBase"]
[SourceDate "2011.11.24"]
[SourceVersion "1"]
[SourceVersionDate "2011.11.24"]
[SourceQuality "1"]
[WhiteTeam "Rostock SSC 07"]
[BlackTeam "Werder Bremen II"]
[WhiteTeamCountry "GER"]
[BlackTeamCountry "GER"]

1. d4 e6 2. c4 Bb4+ 3. Bd2 a5 4. Nf3 d6 5. Nc3 Nf6 6. Qc2 Nc6 7. e3 e5 8. a3 exd4 9. exd4 Bxc3 10. Bxc3 0-0 11. d5 Ne5 12. Nxe5 dxe5 13. Be2 b5 14. Bxe5 bxc4 15. 0-0 Nxd5 16. Bxc4 Re8 17. Rfe1 c6 18. Bd3 Bd7 19. Bxh7+ Kh8 20. Bf5 Kg8 21. h3 Be6 22. Bg3 Bxf5 23. Qxf5 Qb6 24. Qc2 Rac8 25. Rac1 Nf6 26. Kh2 Red8 27. Re3 c5 28. Rc3 Rd5 29. Qb3 Qc6 30. Rc4 Re8 31. Qf3 Qb6 32. b3 Red8 33. R1c3 Nh5 34. Re3 Nxg3 35. Qxg3 Qf6 36. Rce4 Rd4 37. Re8+ Rxe8 38. Rxe8+ Kh7 39. Re5 g6 40. Rxc5 Rd2 41. f3 Qd4 42. Rc4 Qb2 43. Rc8 Kg7 44. Re8 Rd5 45. Qh4 Rh5 46. Qe7 Qd2 47. Qf8+ Kf6 48. Re4 Qd7 49. Qb8 Kg7 50. Qb6 Rd5 51. b4 a4 52. Qb8 Rb5 53. Qf4 Rd5 54. Rc4 Qe6 55. Rc5 Rd3 56. b5 Qe7 57. Rc6 g5 58. Qf5 Rxa3 59. h4 Rb3 60. h5 1-0

[Event "Oberliga Nord N 0607"]
[Site "Germany"]
[Date "2007.03.18"]
[Round "7.2"]
[White "Gruenberg, Hans Ulrich"]
[Black "Zeller, Joerg"]
[Result "1-0"]
[WhiteElo "2429"]
[BlackElo "2202"]
[PlyCount "89"]
[EventDate "2006.10.15"]
[EventType "team-tourn"]
[EventRounds "9"]
[EventCountry "GER"]
[SourceTitle "EXT 2019"]
[Source "ChessBase"]
[SourceDate "2018.10.10"]
[SourceVersion "1"]
[SourceVersionDate "2018.10.10"]
[SourceQuality "1"]
[WhiteTeam "Rostock"]
[BlackTeam "Schwarzenbek"]
[WhiteTeamCountry "GER"]
[BlackTeamCountry "GER"]

1. d4 d5 2. c4 e6 3. Nf3 Nf6 4. Nc3 Be7 5. Bg5 0-0 6. e3 Nbd7 7. Rc1 c6 8. Bd3 Re8 9. 0-0 h6 10. Bh4 dxc4 11. Bxc4 Nd5 12. Bg3 Nxc3 13. Rxc3 Qa5 14. a3 Bf6 15. e4 b5 16. Bd3 Bb7 17. Qc2 Rac8 18. Bd6 e5 19. dxe5 Nxe5 20. Nxe5 Bxe5 21. Bxe5 Rxe5 22. f4 Qb6+ 23. Qf2 Re7 24. Qxb6 axb6 25. e5 c5 26. Bxb5 Rd8 27. Rd3 Rxd3 28. Bxd3 Rc7 29. Rd1 Bc6 30. Kf2 Kf8 31. g3 Ke7 32. Ke3 Ba4 33. Rc1 f6 34. Bf5 Bb3 35. Rc3 c4 36. Kd4 fxe5+ 37. fxe5 Rc5 38. Re3 Rb5 39. Kc3 Ba2 40. Bc2 Ke6 41. a4 Rd5 42. Re1 Rxe5 43. Rxe5+ Kxe5 44. Kb4 Kd4 45. Ka3 1-0

[Event "Oberliga Nord N 0607"]
[Site "Germany"]
[Date "2007.02.25"]
[Round "6.2"]
[White "Kopylov, Luba"]
[Black "Gruenberg, Hans Ulrich"]
[Result "0-1"]
[WhiteElo "2258"]
[BlackElo "2429"]
[PlyCount "70"]
[EventDate "2006.10.15"]
[EventType "team-tourn"]
[EventRounds "9"]
[EventCountry "GER"]
[SourceTitle "EXT 2019"]
[Source "ChessBase"]
[SourceDate "2018.10.10"]
[SourceVersion "1"]
[SourceVersionDate "2018.10.10"]
[SourceQuality "1"]
[WhiteTeam "Neumuenster Agon"]
[BlackTeam "Rostock"]
[WhiteTeamCountry "GER"]
[BlackTeamCountry "GER"]

1. Nf3 Nf6 2. g3 d5 3. d4 c6 4. Bg2 Bg4 5. c4 e6 6. 0-0 Nbd7 7. Nbd2 Be7 8. Re1 0-0 9. h3 Bh5 10. Ne5 Nxe5 11. dxe5 Nd7 12. f4 Qb6+ 13. Kh2 Qf2 14. cxd5 cxd5 15. Nb3 Nc5 16. Nxc5 Bxc5 17. g4 Bxg4 18. hxg4 Qh4+ 19. Bh3 Qf2+ 20. Bg2 Qh4+ 21. Bh3 Bf2 22. Rg1 Bxg1+ 23. Qxg1 Rfc8 24. Bd2 Rc2 25. Qd4 Rac8 26. Rg1 b6 27. b3 Rxa2 28. f5 Rcc2 29. Rd1 h5 30. fxe6 fxe6 31. Kg2 Rxd2 32. Rxd2 Rxd2 33. Qxd2 hxg4 34. Qc2 gxh3+ 35. Kf3 Qe4+ 0-1

[Event "Oberliga Nord N 0607"]
[Site "Germany"]
[Date "2006.10.29"]
[Round "2.2"]
[White "Gaede, Derek"]
[Black "Gruenberg, Hans Ulrich"]
[Result "0-1"]
[WhiteElo "2225"]
[BlackElo "2429"]
[PlyCount "50"]
[EventDate "2006.10.15"]
[EventType "team-tourn"]
[EventRounds "9"]
[EventCountry "GER"]
[SourceTitle "EXT 2019"]
[Source "ChessBase"]
[SourceDate "2018.10.10"]
[SourceVersion "1"]
[SourceVersionDate "2018.10.10"]
[SourceQuality "1"]
[WhiteTeam "Hamburger SK III"]
[BlackTeam "Rostock"]
[WhiteTeamCountry "GER"]
[BlackTeamCountry "GER"]

1. d4 Nf6 2. c4 e6 3. Nc3 Bb4 4. Qc2 d5 5. cxd5 Qxd5 6. Nf3 Qf5 7. Qxf5 exf5 8. e3 c6 9. Bd3 0-0 10. 0-0 h6 11. Ne5 Be6 12. a3 Be7 13. Rd1 Rd8 14. Bd2 Nbd7 15. Nc4 Nc5 16. Bf1 Nb3 17. Rab1 c5 18. Ne5 f4 19. exf4 cxd4 20. Nb5 Bf5 21. Nxf7 Nxd2 22. Nxd8 Rxd8 23. Rbc1 Nxf1 24. Kxf1 d3 25. f3 d2 0-1

[Event "Oberliga Nord N 0506"]
[Site "Germany"]
[Date "2006.03.12"]
[Round "8.1"]
[White "Gruenberg, Hans Ulrich"]
[Black "Scheerer, Christoph"]
[Result "1/2-1/2"]
[WhiteElo "2453"]
[BlackElo "2400"]
[PlyCount "82"]
[EventDate "2005.10.23"]
[EventType "team-tourn"]
[EventRounds "9"]
[EventCountry "GER"]
[SourceTitle "EXT 2007"]
[Source "ChessBase"]
[SourceDate "2006.11.23"]
[SourceVersion "1"]
[SourceVersionDate "2006.11.23"]
[SourceQuality "1"]
[WhiteTeam "Rostock"]
[BlackTeam "Kiel Meerbauer"]
[WhiteTeamCountry "GER"]
[BlackTeamCountry "GER"]

1. d4 e6 2. c4 b6 3. a3 f5 4. Nc3 Bb7 5. d5 Nf6 6. g3 Na6 7. Bg2 Nc5 8. Nh3 Bd6 9. 0-0 Be5 10. Qc2 0-0 11. Rd1 Bxc3 12. Qxc3 Nce4 13. Qb3 Qe8 14. dxe6 dxe6 15. Be3 Bc6 16. a4 Rd8 17. f3 Rxd1+ 18. Qxd1 Nd6 19. b3 e5 20. Qd2 Qe7 21. Rd1 h6 22. Qc2 Qe6 23. Bc1 Re8 24. Bb2 Nh5 25. Nf2 f4 26. g4 Nf6 27. h3 Nf7 28. Qg6 Qe7 29. Qc2 Ng5 30. Qc1 Nd7 31. Ba3 Qf7 32. Qc2 e4 33. fxe4 f3 34. exf3 Ne5 35. Bc1 Ngxf3+ 36. Kh1 Nh4 37. Qe2 Rf8 38. Be3 Nef3 39. Bd4 Qg6 40. Rd3 Ng5 41. Re3 Nxg2 1/2-1/2

[Event "Oberliga Nord N 0506"]
[Site "Germany"]
[Date "2006.02.19"]
[Round "7.1"]
[White "Bouroutzakis, Georgios"]
[Black "Gruenberg, Hans Ulrich"]
[Result "1/2-1/2"]
[WhiteElo "2186"]
[BlackElo "2453"]
[PlyCount "160"]
[EventDate "2005.10.23"]
[EventType "team-tourn"]
[EventRounds "9"]
[EventCountry "GER"]
[SourceTitle "EXT 2007"]
[Source "ChessBase"]
[SourceDate "2006.11.23"]
[SourceVersion "1"]
[SourceVersionDate "2006.11.23"]
[SourceQuality "1"]
[WhiteTeam "Mettenhof"]
[BlackTeam "Rostock"]
[WhiteTeamCountry "GER"]
[BlackTeamCountry "GER"]

1. d4 Nf6 2. c4 e6 3. Nf3 b6 4. e3 Bb7 5. Bd3 Be7 6. 0-0 0-0 7. Nc3 d5 8. cxd5 exd5 9. Ne5 c5 10. Qf3 Nc6 11. Ng4 Nxg4 12. Qxg4 Bf6 13. Ne2 g6 14. Rd1 Qe7 15. Bb5 c4 16. Bd2 a6 17. Bxc6 Bxc6 18. a3 Rfe8 19. Bb4 Qd8 20. a4 Bg7 21. Qg3 Ra7 22. Rac1 Qd7 23. Nc3 Rb7 24. Qd6 Qxd6 25. Bxd6 Rd7 26. Ba3 f5 27. Ra1 g5 28. a5 b5 29. Bc5 Rf7 30. Re1 Rf6 31. b3 Bb7 32. bxc4 dxc4 33. f3 Rc6 34. Na2 Rcc8 35. Rad1 Re6 36. Nb4 Ree8 37. Kf1 h6 38. h3 Bf6 39. Ke2 Bd8 40. Ra1 Bf6 41. Ra2 Kf7 42. Rc2 Bd8 43. Ra1 Bf6 44. Rd1 Bd8 45. Ra2 Bf6 46. g4 Kg6 47. gxf5+ Kxf5 48. e4+ Kg6 49. Nc2 Rc7 50. Bb6 Rf7 51. Ne3 Bc8 52. Rh1 Be7 53. Rc2 Bd6 54. h4 g4 55. Rg1 h5 56. fxg4 Rxe4 57. gxh5+ Kxh5 58. Rg8 Bf5 59. Rc1 Bf4 60. d5 Rfe7 61. Rg5+ Bxg5 62. hxg5 Kxg5 63. Rg1+ Bg4+ 64. Kd2 Rd7 65. Kc3 Kh4 66. Kb4 Rxe3 67. Bxe3 Rxd5 68. Rh1+ Bh3 69. Bf2+ Kg4 70. Rb1 Kf3 71. Be1 Bf5 72. Rc1 Bd3 73. Bc3 Rh5 74. Ra1 Kf2 75. Be1+ Ke3 76. Bc3 Be2 77. Re1 Kd3 78. Ra1 Rh2 79. Ra2 Rh1 80. Ba1 Bd1 1/2-1/2

[Event "Oberliga Nord N 0506"]
[Site "Germany"]
[Date "2005.10.23"]
[Round "1.1"]
[White "Voigt, Martin"]
[Black "Gruenberg, Hans Ulrich"]
[Result "1/2-1/2"]
[WhiteElo "2319"]
[BlackElo "2453"]
[PlyCount "46"]
[EventDate "2005.10.23"]
[EventType "team-tourn"]
[EventRounds "9"]
[EventCountry "GER"]
[SourceTitle "EXT 2007"]
[Source "ChessBase"]
[SourceDate "2006.11.23"]
[SourceVersion "1"]
[SourceVersionDate "2006.11.23"]
[SourceQuality "1"]
[WhiteTeam "Hamburg Diogenes"]
[BlackTeam "Rostock"]
[WhiteTeamCountry "GER"]
[BlackTeamCountry "GER"]

1. e4 c5 2. Nf3 d6 3. d4 cxd4 4. Nxd4 Nf6 5. Nc3 a6 6. Bc4 e6 7. Bb3 b5 8. Bg5 Be7 9. Qf3 Qb6 10. 0-0-0 0-0 11. Be3 Qb7 12. g4 b4 13. g5 bxc3 14. gxf6 cxb2+ 15. Kb1 Bxf6 16. Qxf6 gxf6 17. Rhg1+ Kh8 18. Bh6 Rg8 19. Rxg8+ Kxg8 20. Rg1+ Kh8 21. f3 Nc6 22. Bg7+ Kg8 23. Bh6+ Kh8 1/2-1/2

[Event "Oberliga Nord N 0405"]
[Site "Germany"]
[Date "2005.03.13"]
[Round "8.1"]
[White "Gruenberg, Hans Ulrich"]
[Black "Meyer, Falko"]
[Result "1-0"]
[WhiteElo "2452"]
[BlackElo "2337"]
[PlyCount "81"]
[EventDate "2004.10.24"]
[EventType "team-tourn"]
[EventRounds "9"]
[EventCountry "GER"]
[SourceTitle "EXT 2006"]
[Source "ChessBase"]
[SourceDate "2005.11.24"]
[SourceVersion "1"]
[SourceVersionDate "2005.11.24"]
[SourceQuality "1"]
[WhiteTeam "Rostock Polizei"]
[BlackTeam "Hamburg SV 1934"]
[WhiteTeamCountry "GER"]
[BlackTeamCountry "GER"]

1. d4 Nf6 2. c4 d6 3. Nf3 Nbd7 4. Nc3 e5 5. e4 Be7 6. Be2 0-0 7. 0-0 a5 8. Re1 Ne8 9. Be3 exd4 10. Nxd4 Bf6 11. Qd2 Nc5 12. Rad1 Bd7 13. f3 h6 14. b3 Bh4 15. g3 Bf6 16. Bf1 Kh7 17. Nd5 a4 18. b4 Ne6 19. Nxf6+ Qxf6 20. Bg2 Nxd4 21. Bxd4 Qg6 22. a3 Be6 23. Rc1 f5 24. f4 c6 25. exf5 Bxf5 26. Re7 Rf7 27. Rce1 Nc7 28. Bb6 Rc8 29. Rxf7 Qxf7 30. Qxd6 Ne6 31. Re5 Re8 32. Qd2 Nf8 33. Rxe8 Qxe8 34. Bd4 Qf7 35. Qe2 Qg6 36. Qe5 Ne6 37. Bc3 Qh5 38. Bf3 Qf7 39. Kf2 h5 40. Ke3 Kg6 41. h3 1-0

[Event "Oberliga Nord N 0405"]
[Site "Germany"]
[Date "2004.12.12"]
[Round "4.1"]
[White "Gruenberg, Hans Ulrich"]
[Black "Schmidt, Harald"]
[Result "1/2-1/2"]
[WhiteElo "2452"]
[BlackElo "2347"]
[PlyCount "134"]
[EventDate "2004.10.24"]
[EventType "team-tourn"]
[EventRounds "9"]
[EventCountry "GER"]
[SourceTitle "EXT 2006"]
[Source "ChessBase"]
[SourceDate "2005.11.24"]
[SourceVersion "1"]
[SourceVersionDate "2005.11.24"]
[SourceQuality "1"]
[WhiteTeam "Rostock Polizei"]
[BlackTeam "Glinde"]
[WhiteTeamCountry "GER"]
[BlackTeamCountry "GER"]

1. d4 f5 2. g3 Nf6 3. Bg2 g6 4. Nf3 Bg7 5. b3 0-0 6. Bb2 d6 7. 0-0 c6 8. c4 a5 9. Nbd2 Na6 10. Re1 e5 11. dxe5 Ng4 12. Qc2 Nxe5 13. a3 Qe7 14. Rad1 f4 15. Ne4 Bf5 16. Nd4 Bxe4 17. Bxe4 Rae8 18. Nf3 fxg3 19. hxg3 Nc5 20. Nxe5 Bxe5 21. Bf3 Qf6 22. Bxe5 dxe5 23. Rf1 Ne6 24. Bg2 Nd4 25. Qb2 g5 26. Rd2 Re7 27. e3 Nf3+ 28. Bxf3 Qxf3 29. Qc2 Rf6 30. Qd1 Qf5 31. Qh5 Kg7 32. e4 Qg6 33. Qxg6+ Kxg6 34. Rfd1 Rf3 35. Rd6+ Kf7 36. R1d3 Rxd3 37. Rxd3 Ke6 38. Rd8 Rd7 39. Re8+ Kf6 40. Rb8 h5 41. Kg2 Kg6 42. c5 Kf6 43. b4 axb4 44. axb4 Rd4 45. Rxb7 Rxe4 46. Rb6 Kf5 47. Rxc6 Rxb4 48. Rc8 h4 49. c6 Rc4 50. c7 Ke6 51. Re8+ Kd7 52. Rxe5 hxg3 53. Kxg3 Kxc7 54. Rxg5 Kd6 55. Rg4 Rc3+ 56. Kf4 Ke6 57. Rg6+ Kf7 58. Ra6 Rb3 59. Kg4 Rb4+ 60. f4 Rb5 61. Kf3 Rb3+ 62. Ke4 Rb4+ 63. Kf5 Rb5+ 64. Kg4 Rc5 65. Rd6 Ra5 66. Rc6 Rb5 67. f5 Rb1 1/2-1/2